00000000nam 2200000za 4500
0019.653209
003CaOODSP
00520241122114109
007ta
008150407s1992||||xxc|||||     f|0| 0 eng d
020 |a0-662-59121-6
040 |aCaOODSP|beng
041 |aeng
041 |afre
043 |an-cn---
0861 |aCo22-116/1992
1101 |aCanada. |bCommunications Canada.
24510|aSpectrum management in Canada / |cIssued by the Spectrum Management Program.
260 |aOttawa - Ontario : |bCommunications Canada |c1992.
300 |aEnglish text, 6p. ; |c28 cm.
546 |aBilingual
563 |aSoftcover
590 |a92-46|b1992-11-13
69007|aTelecommunications|2gcpds
69007|aBroadcasting|2gcpds
7760#|tSpectrum management in Canada.|w(CaOODSP)9.945449
792 |tLa gestion du spectre au Canada / |efre|w(CaOODSP)9.653210